000 00503nam a2200169Ia 4500
003 IN-BaIIA
008 211028s9999 xx 000 0 eng d
040 _cIIA Library
080 _a535.215.2
_bLEV
245 0 _aLasers : A Series of Advances
_bvol. 1
_cedited by Albert K Levine
260 _aNew York
_bMarcel Dekker
_c1966
300 _axi, 365p.
650 _aLasers
_93580
650 _aNASA Thesaurus
700 _aLevine, Albert K., ed.
_99540
942 _cBK
999 _c5491
_d5491